000
00253nam a2200097Ia 4500
001
1170357
005
20251202145548.0
008
250824s9999 xx 000 0 und d
245
0
_a
SİS OLSA DAĞILIR
_c
AHMET MELİH KARAUĞUZ
260
_b
KETEBE YAYINLARI
999
_c
1170357
_d
1170357